|
|
|
|
| LEADER |
01215nam a22002897a 4500 |
| 001 |
35682 |
| 003 |
BD-DhAAL |
| 005 |
20211129153134.0 |
| 008 |
190919t1994 bg a|||| b||| 00| 0 ben d |
| 999 |
|
|
|c 41328
|d 41328
|
| 020 |
|
|
|a 9840744690
|
| 040 |
|
|
|a BD-DhAAL
|
| 041 |
|
|
|a ben
|
| 082 |
|
|
|a 700
|2 19
|
| 100 |
|
|
|a আহমদ, কামাল
|9 34955
|
| 245 |
|
|
|a শিল্পকলার ইতিহাস /
|b কামাল আহমদ
|
| 246 |
|
|
|a Silpakalar itihas
|
| 246 |
|
|
|a History of fine arts
|
| 260 |
|
|
|a ঢাকা :
|b বাংলা একাডেমী,
|c ১৯৯৪
|
| 300 |
|
|
|a [আট], ১৪৩ পৃষ্ঠা :
|b চিত্র ;
|c ২২ সে.মি.
|
| 504 |
|
|
|a বিবলিওগ্রাফী (পৃষ্ঠা [১৪৪]) অন্তর্ভুক্ত।
|
| 526 |
|
|
|a BIED
|
| 541 |
|
|
|a Complimentary copy from BIED
|e 35682
|
| 650 |
|
|
|a Arts.
|9 34956
|
| 852 |
|
|
|a Ayesha Abed Library
|c General Stacks
|
| 942 |
|
|
|2 ddc
|c BK
|
| 952 |
|
|
|0 0
|1 0
|2 ddc
|4 0
|6 700_000000000000000_AHM
|7 0
|9 66422
|a BRACUL
|b BRACUL
|c GEN
|d 2019-09-19
|e Complimentary copy from BIED
|l 1
|m 8
|o 700 AHM
|p 3010035682
|r 2026-05-21
|s 2025-07-28
|t 1
|w 2019-09-19
|y BK
|x Transferred from BIED to General Stacks
|